Statistics for People Who Died in the 21st Century #1

Click here to take the quiz!

General Stats

  • This quiz has been taken 41 times
  • The average score is 2 of 10

Answer Stats

Main Occupation/Rise to FameYear of DeathCause of DeathAge at Death in YearsPerson% Correct
Actor/Comedian2014Suicide63Robin Williams
82%
Founder of Marvel Comics and Executive Producer of Numerous Movies2018Congestive Heart Failure95Stan Lee
67%
Singer-Songwriter/Dancer2009Homicide50Michael Jackson
49%
Singer2018Pancreatic Cancer76Aretha Franklin
15%
Comedian/Actress2014Cerebral Hypoxia81Joan Rivers
8%
Actor2015Chronic Obstructive Pulmonary Disease83Leonard Nimoy
3%
Actor/Comedian2012Heart Attack86Andy Griffith
0%
Actor Voiced2000Lung Cancer50Jim Varney
0%
Singer-Songwriter2019Dementia69Leon Redbone
0%
Actor2012Heart Attack54Michael Clarke Duncan
0%

Score Distribution

Percentile by Number Answered

Percent of People with Each Score

Your Score History

You have not taken this quiz